| 000 | 01186nam a22003377a 4500 | ||
|---|---|---|---|
| 003 | CHAP | ||
| 005 | 20220329135958.0 | ||
| 008 | 971013s1970 es a r 00010 spa d | ||
| 010 | _a45025 | ||
| 011 | _a45997 | ||
| 035 | _a50137 | ||
| 040 | _cCHAP | ||
| 082 | 0 | 4 |
_a634.11 _bR3Y |
| 100 | 0 | 0 |
_aRavel D'Esclapon, Gabriel de. _994762 |
| 245 | 1 | 0 |
_aVariedades americanas de manzana _c/por Gabriel de Ravel D'Esclapon, Gabriel de |
| 260 |
_aBarcelona : _bOikos-Tau, _c1970 |
||
| 300 |
_a291 p. _b: ilus. ; mapa |
||
| 490 |
_aNueva enciclopedia de agricultura _v; 6 |
||
| 590 |
_aBATCH-UPD _b10 _c20130109 _lUCH01 _h2308 |
||
| 590 |
_aBATCH-UPD _b10 _c20130110 _lUCH01 _h0207 |
||
| 590 |
_aBATCH-UPD _b10 _c20130110 _lUCH01 _h1516 |
||
| 590 |
_aCONVERSION _b10 _c20130109 _lUCH01 _h1325 |
||
| 650 | 1 | 4 |
_aManzana. _970730 |
| 650 | 1 | 4 |
_aManzana _xVariedades. _970810 |
| 830 | 0 |
_aNueva enciclopedia de agricultura _v; 6 _982136 |
|
| 901 | _aBK | ||
| 942 | _cLIBRO | ||
| 949 |
_a634.11 R3Y _bBC _cC _d33724000666988 _eC _h349 _i50137 _si _t42.50 |
||
| 949 |
_a634.11 R3Y _bBC _cC _d33724000929782 _eC _fc.2 _h92036 _i50137 _si |
||
| 949 |
_a634.11 R3Y _bBC _cC _d33724002239470 _eC _fc.3 _gDonaciØn _h114515 _i50137 _sb |
||
| 999 |
_c45025 _d45025 |
||